000 00628nam a2200205Ii 4500
003 JO-AjNU
008 230606s9999||||xx |||||||||||||| ||und||
040 _aJO-AjNU
_beng
_erda
_cJO-AjNU
041 _aeng
050 1 4 _aPR6037 1970
100 3 _aSturgess, keith,
_eauthor
_95476
245 0 0 _aJohn Ford : three plays: Tis Pity She,s A Whore/ The Broken Heart Perkin Warbeck
264 3 1 _aEngland: Penguin Books , 1970
300 _a414p
336 _atext
_btxt
_2rdacontent
337 _aunmediated
_bn
_2rdamedia
338 _avolume
_bnc
_2rdacarrier
490 0 _aThe Penguin English Library
650 4 _aPlays
_95477
999 _aE2830
_c2828
_d2828